[Event "C.to di Varese"]
[Site "Varese ITA"]
[Date "2012.10.29"]
[Round "4"]
[White "Gerosa, Ottavio"]
[Black "Centofante, Maria Rosa"]
[WhiteElo "1481"]
[BlackElo "1560"]
[Result "0-1"]
[PlyCount "130"]
[EventDate "2012.10.08"]

{139MB, Fritz8.ctg} 1. e4 1... d5 2. exd5 Qxd5 3. d4 Nf6 4. Nc3 Qa5 5. Bc4 c6
6. Bd2 Qc7 7. Qe2 Bg4 8. f3 Bf5 9. Bb3 e6 10. g4 Bg6 11. h4 Qg3+ 12. Qf2 Qxf2+
13. Kxf2 h6 14. Nge2 Nbd7 15. g5 Nh5 16. Nf4 Bd6 17. Nxg6 fxg6 18. Bxe6 Bg3+
19. Kg2 O-O-O 20. Ne4 Nf4+ 21. Kf1 Nxe6 22. Nxg3 Rdf8 23. Ke2 Nxd4+ 24. Kd1
Nxf3 25. Bc3 Nde5 26. b3 hxg5 27. h5 gxh5 28. Rxh5 Rxh5 29. Nxh5 g6 30. Ng3 g4
31. Kc1 Re8 32. Kb2 Nd7 33. Rh1 Nde5 34. Ne4 Rd8 35. Ng3 Rd7 36. a4 b6 37. a5
Kb7 38. axb6 axb6 39. Ne4 c5 40. Ka2 Kc6 41. Rh6 Rg7 42. Bxe5 Nxe5 43. Ng3 Kd5
44. c4+ Kd4 45. Rh8 Rb7 46. Re8 Ra7+ 47. Kb1 Rf7 48. Ne2+ Ke4 49. Nc3+ Kd3 50.
Nd5 Rf1+ 51. Kb2 Rf2+ 52. Ka3 Kd4 53. Rd8 Ke4 54. Nc3+ Kf3 55. Rf8+ Kg2 56. Re8
Nf3 57. Rf8 Ne5 58. Re8 Rf5 59. Nd1 g3 60. Ne3+ Kf2 61. Nxf5 gxf5 62. Rxe5 f4
63. Rd5 g2 64. Rd2+ Kg3 65. Rd6 g1=Q 0-1

[Event "C.to di Varese"]
[Site "Varese ITA"]
[Date "2012.10.29"]
[Round "4"]
[White "Invernici, Marco"]
[Black "D'Aulisa, Francesco"]
[WhiteElo "1503"]
[BlackElo "1760"]
[Result "0-1"]
[PlyCount "62"]
[EventDate "2012.10.08"]

{139MB, Fritz8.ctg} 1. e4 1... d6 2. Nf3 e6 3. d4 h6 4. Bd3 a6 5. Be3 Nd7 6.
Nc3 Ne7 7. O-O b6 8. e5 d5 9. a3 c5 10. b3 Qc7 11. Bf4 Bb7 12. dxc5 bxc5 13.
Qe2 Nb6 14. a4 Nc6 15. a5 Nd7 16. h3 g5 17. Bg3 Nxa5 18. Nh2 c4 19. bxc4 Nxc4
20. Ng4 Bg7 21. Nf6+ Bxf6 22. exf6 Qc6 23. Bxc4 dxc4 24. f3 Nxf6 25. Be5 Qc5+
26. Kh1 Nh5 27. Ne4 Qxe5 28. Qxc4 Bxe4 29. fxe4 Ng3+ 30. Kg1 Qxe4 31. Qc3 Ne2+
0-1

[Event "C.to di Varese"]
[Site "Varese ITA"]
[Date "2012.10.29"]
[Round "4"]
[White "Nai, Giovanni"]
[Black "Schingaro, Angelo"]
[WhiteElo "1852"]
[BlackElo "1704"]
[Result "1/2-1/2"]
[PlyCount "89"]
[EventDate "2012.10.08"]

{139MB, Fritz8.ctg} 1. e4 1... c5 2. Nf3 d6 3. d4 cxd4 4. Nxd4 Nf6 5. Nc3 a6 6.
Bg5 Nbd7 7. Be2 e6 8. Qd2 Qc7 9. Rd1 b5 10. a3 Bb7 11. f3 Be7 12. O-O Rc8 13.
Kh1 O-O 14. Qe1 Rfe8 15. Qf2 Nb6 16. Rd2 d5 17. exd5 Nbxd5 18. Nxd5 Bxd5 19.
Bh4 Qb7 20. Rfd1 Bc4 21. c3 Bxe2 22. Nxe2 Rcd8 23. Rxd8 Rxd8 24. Rxd8+ Bxd8 25.
Qd4 Be7 26. Nf4 h6 27. Nd3 Qd5 28. Bxf6 Bxf6 29. Qxd5 exd5 30. Nb4 d4 31. Nd5
dxc3 32. Nxf6+ gxf6 33. bxc3 Kf8 34. Kg1 Ke7 35. Kf2 Ke6 36. Ke3 Ke5 37. Kd3
Kd5 38. h4 f5 39. g4 fxg4 40. fxg4 f6 41. Ke3 Ke5 42. Kf3 a5 43. Ke3 Kd5 44.
Kd3 Ke5 45. Ke3 1/2-1/2

[Event "C.to di Varese"]
[Site "Varese ITA"]
[Date "2012.11.05"]
[Round "5"]
[White "Bacchini, Stefano"]
[Black "Tosetto, Flavio"]
[WhiteElo "1958"]
[BlackElo "1646"]
[Result "1-0"]
[PlyCount "122"]
[EventDate "2012.10.08"]

{139MB, Fritz8.ctg} 1. e4 1... e5 2. Nf3 Nc6 3. Bb5 a6 4. Bxc6 dxc6 5. O-O Bd6
6. Nc3 Nf6 7. d4 exd4 8. Nxd4 Be5 9. Nf3 Qxd1 10. Rxd1 Bxc3 11. bxc3 Nxe4 12.
Re1 f5 13. Ba3 Bd7 14. Ng5 h6 15. Nxe4 fxe4 16. Rxe4+ Kd8 17. Rd1 Re8 18. Rf4
Kc8 19. Rf7 Be6 20. Rf8 Rxf8 21. Bxf8 Bxa2 22. Bxg7 Bd5 23. Bxh6 a5 24. Bg5 b5
25. h4 Kd7 26. Rd4 Ke6 27. g4 a4 28. Rd1 a3 29. Re1+ Kf7 30. Re7+ Kg8 31. Re1
a2 32. Ra1 Re8 33. Bf4 Re2 34. Bxc7 Rxc2 35. Be5 Rb2 36. Kh2 Rxf2+ 37. Kg3 Rf3+
38. Kh2 Bc4 39. Kg2 Rf1 40. Rxa2 Bxa2 41. Kxf1 Kf7 42. Kf2 Kg6 43. Ke3 Bb1 44.
Kd4 Bc2 45. Ke3 Bd1 46. Kf4 c5 47. h5+ Kh6 48. Bf6 b4 49. cxb4 cxb4 50. Kg3 b3
51. Kh4 Bc2 52. g5+ Kh7 53. Bb2 Bd3 54. Bc1 Bc2 55. Kg3 Kg7 56. Kf4 Bb1 57. Ke5
Bc2 58. Bb2 Kh7 59. Kf6 Bd3 60. g6+ Kh6 61. g7 Kxh5 1-0

[Event "C.to di Varese"]
[Site "Varese ITA"]
[Date "2012.11.06"]
[Round "5"]
[White "Brioschi, Camillo"]
[Black "Colombo, Alberto"]
[WhiteElo "1795"]
[BlackElo "2090"]
[Result "0-1"]
[PlyCount "56"]
[EventDate "2012.10.08"]

{139MB, Fritz8.ctg} 1. d4 1... Nf6 2. c4 c5 3. d5 b5 4. cxb5 a6 5. f3 d6 6. e4
g6 7. Na3 Bg7 8. Ne2 Nfd7 9. Nc3 O-O 10. Be3 axb5 11. Naxb5 Ba6 12. a4 Bxb5 13.
axb5 Rxa1 14. Qxa1 Nb6 15. Be2 N8d7 16. Qa7 e6 17. O-O Qe7 18. dxe6 fxe6 19.
Qa3 Ra8 20. Qb3 Kh8 21. Rd1 d5 22. exd5 exd5 23. Nxd5 Nxd5 24. Rxd5 Nb6 25. Rd2
c4 26. Bxc4 Nxc4 27. Re2 Nxe3 28. Qxe3 Qxe3+ 0-1

[Event "C.to di Varese"]
[Site "Varese ITA"]
[Date "2012.11.05"]
[Round "5"]
[White "Cordiano, Franco"]
[Black "Gerosa, Ottavio"]
[WhiteElo "1533"]
[BlackElo "1481"]
[Result "0-1"]
[PlyCount "108"]
[EventDate "2012.10.08"]

{139MB, Fritz8.ctg} 1. h3 1... e5 2. d4 e4 3. d5 Bc5 4. Be3 Bxe3 5. fxe3 Qh4+
6. Kd2 d6 7. Nc3 Ne7 8. Kc1 Qf2 9. Kb1 Qxe3 10. Nb5 Qc5 11. Nc3 Bf5 12. e3 Qxe3
13. Bb5+ c6 14. dxc6 Nbxc6 15. Bxc6+ bxc6 16. Nge2 d5 17. Nd4 Bg6 18. Re1 Qg3
19. Rg1 Rb8 20. Nce2 Qe5 21. Qd2 c5 22. Qf4 Qxf4 23. Nxf4 cxd4 24. Nxg6 Nxg6
25. Rd1 O-O 26. Rxd4 Rfd8 27. a4 Nf4 28. Ra3 Nxg2 29. Rb3 Rxb3 30. cxb3 a5 31.
Kc2 Rc8+ 32. Kb1 Nf4 33. h4 Rb8 34. Rd1 Rxb3 35. Rc1 g6 36. Rc5 d4 37. Rxa5 Nd3
38. Rd5 Rxb2+ 39. Ka1 e3 40. Rxd4 Rb3 41. Rd8+ Kg7 42. Re8 Ra3+ 43. Kb1 Nf4 44.
Kc2 e2 45. a5 Rxa5 46. Kd2 Kf6 47. Ke1 Re5 48. Ra8 Nd3+ 49. Kd2 e1=Q+ 50. Kxd3
Qd1+ 51. Kc3 Rc5+ 52. Kb4 Qd4+ 53. Ka3 Rb5 54. Ka2 Qb2# 0-1

[Event "C.to di Varese"]
[Site "Varese ITA"]
[Date "2012.11.05"]
[Round "5"]
[White "Cova, Ennio"]
[Black "Centofante, Maria Rosa"]
[WhiteElo "1690"]
[BlackElo "1560"]
[Result "0-1"]
[PlyCount "91"]
[EventDate "2012.10.08"]

{139MB, Fritz8.ctg} 1. e4 1... d5 2. exd5 Qxd5 3. Nc3 Qa5 4. d4 Nf6 5. Nf3 Bg4
6. Bc4 e6 7. Bd2 Qb6 8. h3 Bxf3 9. Qxf3 c6 10. Qe3 Be7 11. O-O Nbd7 12. Rfe1
O-O 13. Bxe6 fxe6 14. Qxe6+ Rf7 15. Qc4 Re8 16. a3 Qxb2 17. Ra2 Qb6 18. Rb1 Qa6
19. Qb3 Nb6 20. Be3 Nfd5 21. Ne4 Nxe3 22. fxe3 Rb8 23. Nd2 Kf8 24. c4 Qa4 25.
Qd3 g6 26. c5 Nd5 27. Nf3 b5 28. Ne5 Rg7 29. Nd7+ Kg8 30. Nxb8 Bg5 31. Re1 b4
32. Qc4 Kh8 33. axb4 Qxb4 34. Qxb4 Nxb4 35. Ra4 Nd3 36. Re2 Rb7 37. Nxc6 Rb1+
38. Kh2 Bh4 39. Ra3 Ne1 40. e4 Bg5 41. Nxa7 Bf4+ 42. g3 Nf3+ 43. Rxf3 Bb8 44.
Nc6 Kg7 45. e5 Rb7 46. Ref2 0-1

[Event "C.to di Varese"]
[Site "Varese ITA"]
[Date "2012.11.06"]
[Round "5"]
[White "Mazzarone, Maurizio"]
[Black "Nai, Giovanni"]
[WhiteElo "1912"]
[BlackElo "1852"]
[Result "1-0"]
[PlyCount "104"]
[EventDate "2012.10.08"]

1. d4 d5 2. Nf3 Nf6 3. Bf4 c5 4. e3 Nc6 5. c3 e6 6. Nbd2 Bd7 7. Bd3 Be7 8. Ne5
Rc8 9. Qf3 cxd4 10. exd4 Qb6 11. Rb1 Na5 12. O-O Bb5 13. Rfe1 Bxd3 14. Qxd3 Qd8
15. Qb5+ Kf8 16. h3 a6 17. Qd3 Nh5 18. Bh2 g6 19. Qf3 Nf6 20. Bf4 Kg7 21. Qe3
Re8 22. Bh6+ Kg8 23. Nxf7 Qb6 24. Ne5 Rcd8 25. Qd3 Bf8 26. Bxf8 Rxf8 27. Re3
Qc7 28. Rbe1 Nh5 29. Nef3 Nf4 30. Qf1 Rf7 31. g3 Nh5 32. Ng5 Ng7 33. Nxf7 Qxf7
34. Qe2 Re8 35. Nf3 Nc4 36. Ne5 Qc7 37. Nxc4 dxc4 38. d5 b6 39. dxe6 Nf5 40.
Rf3 Qd6 41. Qe5 Qxe5 42. Rxe5 Ng7 43. Rfe3 Nf5 44. Re2 Kg7 45. g4 Nh4 46. R5e3
g5 47. Kf1 Kf6 48. e7 Kg6 49. Re6+ Kf7 50. Rxb6 Nf3 51. Re3 Nd4 52. Re4 52...
Nf3 $138 1-0

[Event "C.to di Varese"]
[Site "Varese ITA"]
[Date "2012.11.05"]
[Round "5"]
[White "Randi, Renzo"]
[Black "Corniani, Stefano"]
[WhiteElo "1410"]
[BlackElo "1392"]
[Result "1-0"]
[PlyCount "75"]
[EventDate "2012.10.08"]

1. e4 e5 2. Nf3 Nc6 3. Nc3 Nf6 4. Bb5 d5 5. Nxe5 Bg4 6. Nxg4 Nxg4 7. Qxg4 Bb4
8. Nxd5 O-O 9. Bxc6 bxc6 10. Nxb4 Qd4 11. c3 Qc4 12. d3 f5 13. dxc4 fxg4 14.
O-O g3 15. hxg3 h5 16. Bf4 Kf7 17. Nxc6 Rh8 18. Bxc7 Rac8 19. Ne5+ Ke6 20. Ng6
Rh6 21. Nf4+ Kf6 22. Nd5+ Kf7 23. b4 h4 24. g4 h3 25. Bf4 h2+ 26. Bxh2 Rch8 27.
f3 Rxh2 28. c5 R8h3 29. gxh3 Rxh3 30. Kg2 Rh4 31. Rh1 Rxh1 32. Rxh1 g5 33. Rh7+
Kg8 34. Rxa7 Kf8 35. c6 Ke8 36. b5 Kd8 37. b6 Kc8 38. Ra8# 1-0

[Event "C.to di Varese"]
[Site "Varese ITA"]
[Date "2012.11.05"]
[Round "5"]
[White "Schingaro, Angelo"]
[Black "Nipote, Mario"]
[WhiteElo "1704"]
[BlackElo "1521"]
[Result "1-0"]
[PlyCount "87"]
[EventDate "2012.10.08"]

{139MB, Fritz8.ctg} 1. e4 1... c6 2. d4 d5 3. e5 c5 4. c3 Nc6 5. Be3 cxd4 6.
cxd4 e6 7. Nf3 Bb4+ 8. Nbd2 Nge7 9. a3 Ba5 10. b4 Bb6 11. Nb3 a6 12. Bd3 Nf5
13. O-O O-O 14. Rc1 Bd7 15. Nc5 Bxc5 16. bxc5 Nxe3 17. fxe3 Na7 18. Qc2 Rc8 19.
Bxh7+ Kh8 20. Bd3 Bb5 21. Rb1 Rc7 22. a4 Bxd3 23. Qxd3 f5 24. exf6 gxf6 25. Rb6
Qd7 26. Qb3 Nc6 27. Nh4 Qh7 28. Rf4 Rcf7 29. Nf3 Qg8 30. Rh4+ Rh7 31. Rxh7+
Qxh7 32. Rxb7 Qg6 33. Qb1 f5 34. Qe1 Qh6 35. Qh4 Qxh4 36. Nxh4 Rg8 37. Rb6 Na5
38. Rxe6 Nc4 39. Nxf5 Rb8 40. g4 Rb1+ 41. Kg2 Nd2 42. c6 Rc1 43. Re8+ Kh7 44.
Re7+ 1-0

[Event "C.to di Varese"]
[Site "Varese ITA"]
[Date "2012.11.05"]
[Round "5"]
[White "Virgilio, Gianluca"]
[Black "Colusso, Ermes"]
[WhiteElo "1838"]
[BlackElo "1692"]
[Result "1/2-1/2"]
[PlyCount "139"]
[EventDate "2012.10.08"]

{139MB, Fritz8.ctg} 1. c4 1... Nf6 2. g3 g6 3. Bg2 Bg7 4. Nc3 c6 5. e4 d6 6.
Nge2 O-O 7. O-O Nbd7 8. d4 Rb8 9. b4 Nb6 10. Qb3 Qc7 11. Bd2 Be6 12. d5 cxd5
13. cxd5 Bd7 14. b5 Nc4 15. Be1 Rfc8 16. Rc1 Qb6 17. a4 Ng4 18. Nb1 Na5 19. Qb2
Rxc1 20. Nxc1 Rc8 21. Ne2 Ne5 22. Bc3 Nac4 23. Nd2 Nxd2 24. Bxd2 Nd3 25. Be3
Qa5 26. Bd2 Qc7 27. Be3 Qc2 28. Qxc2 Rxc2 29. Nd4 Rc4 30. Rd1 Bxd4 31. Bxd4
Rxd4 32. Bf1 Rxe4 33. Rxd3 Rxa4 34. Rc3 Ra1 35. Kg2 a5 36. Rc7 Bf5 37. Be2 Ra3
38. f3 Ra2 39. Kf1 Rd2 40. Rxb7 Rxd5 41. Ra7 Bd3 42. Bxd3 Rxd3 43. Rxa5 Rb3 44.
Ra7 Rxb5 45. Rxe7 Re5 46. Rd7 Re6 47. Kf2 Kg7 48. g4 h6 49. f4 Kf8 50. Kf3 Ke8
51. Ra7 d5 52. Ra8+ Ke7 53. Ra7+ Kf6 54. Ra5 Rd6 55. Ke3 Ke6 56. Kd4 f5 57.
gxf5+ gxf5 58. Ra1 Rb6 59. Re1+ Kd6 60. Re5 Rb4+ 61. Ke3 Re4+ 62. Rxe4 dxe4 63.
Kd4 h5 64. h4 Ke6 65. Kc4 Kd6 66. Kd4 Kc6 67. Kc4 e3 68. Kd3 e2 69. Kxe2 Kd5
70. Kd3 1/2-1/2

[Event "C.to di Varese"]
[Site "Varese ITA"]
[Date "2012.11.12"]
[Round "6"]
[White "Centofante, Maria Rosa"]
[Black "Virgilio, Gianluca"]
[WhiteElo "1560"]
[BlackElo "1838"]
[Result "1/2-1/2"]
[PlyCount "54"]
[EventDate "2012.10.08"]

{139MB, Fritz8.ctg} 1. d4 1... Nf6 2. Nf3 g6 3. c4 Bg7 4. Nc3 d5 5. cxd5 Nxd5
6. e4 Nxc3 7. bxc3 c5 8. Be3 O-O 9. Be2 Nc6 10. O-O Bg4 11. Rb1 Qa5 12. Qd2
cxd4 13. cxd4 Qxd2 14. Bxd2 Bxf3 15. Bxf3 Nxd4 16. Rxb7 Rfb8 17. Rfb1 Be5 18.
Be3 Nc6 19. Bd1 Rxb7 20. Rxb7 Rb8 21. Rxb8+ Bxb8 22. g3 a5 23. Ba4 Ne5 24. Kg2
Nc4 25. Bc5 e6 26. Bd4 Be5 27. Bc5 Bd6 1/2-1/2

[Event "C.to di Varese"]
[Site "Varese ITA"]
[Date "2012.11.12"]
[Round "6"]
[White "Colombo, Alberto"]
[Black "Colusso, Ermes"]
[WhiteElo "2090"]
[BlackElo "1692"]
[Result "1-0"]
[PlyCount "83"]
[EventDate "2012.10.08"]

{139MB, Fritz8.ctg} 1. d4 1... Nf6 2. Nf3 c5 3. e3 e6 4. Nbd2 d5 5. Bd3 Nc6 6.
O-O c4 7. Be2 Bd6 8. c3 O-O 9. e4 dxe4 10. Ng5 e3 11. fxe3 Nd5 12. Ndf3 f5 13.
e4 fxe4 14. Nxe4 Nb6 15. Bg5 Be7 16. Bxe7 Qxe7 17. Ned2 Bd7 18. Nxc4 Nd5 19.
Qd2 a6 20. Nce5 Rad8 21. Nxc6 Bxc6 22. Ne5 Nc7 23. Rae1 Qd6 24. Qg5 Nd5 25. Bd3
Nf6 26. Qe3 Rde8 27. Qh3 Qc7 28. Re2 Re7 29. Rfe1 Rfe8 30. b3 b5 31. Re3 Bb7
32. Ng4 Bd5 33. Qh4 Rf7 34. Ne5 Rfe7 35. c4 bxc4 36. bxc4 Bb7 37. Ng4 Nxg4 38.
Qxh7+ Kf8 39. Qh8+ Kf7 40. Qh5+ Kf8 41. Qxg4 Qd6 42. Rf1+ 1-0

[Event "C.to di Varese"]
[Site "Varese ITA"]
[Date "2012.11.12"]
[Round "6"]
[White "Cordiano, Franco"]
[Black "Cova, Ennio"]
[WhiteElo "1533"]
[BlackElo "1690"]
[Result "0-1"]
[PlyCount "102"]
[EventDate "2012.10.08"]

{139MB, Fritz8.ctg} 1. h3 1... d5 2. d4 c5 3. Nf3 Nc6 4. c3 e6 5. Ne5 cxd4 6.
Nxc6 bxc6 7. Qxd4 Nf6 8. Qa4 Bd7 9. e3 Bd6 10. Nd2 O-O 11. Qh4 Re8 12. Bd3 e5
13. Bc2 Qc7 14. a4 Be7 15. Nf3 e4 16. Nd4 Rab8 17. Bd1 Ng4 18. Qg3 Qxg3 19.
fxg3 Ne5 20. Bg4 Bxg4 21. hxg4 Nd3+ 22. Ke2 Nxc1+ 23. Rhxc1 Rxb2+ 24. Kf1 c5
25. Nc6 Bd6 26. Nxa7 Bxg3 27. Rcb1 Reb8 28. Rxb2 Rxb2 29. Nc6 d4 30. cxd4 cxd4
31. Nxd4 Rf2+ 32. Kg1 Rb2 33. Rc1 g6 34. Nc2 Ra2 35. a5 Rxa5 36. Ra1 Rxa1+ 37.
Nxa1 Kg7 38. Nc2 Kf6 39. Nd4 Kg5 40. Ne2 Kxg4 41. Nxg3 Kxg3 42. Kf1 g5 43. Kg1
h5 44. Kh1 Kf2 45. Kh2 Kxe3 46. Kg3 Ke2 47. Kh2 Kf2 48. g4 hxg4 49. Kh1 e3 50.
Kh2 e2 51. Kh1 e1=Q+ 0-1

[Event "C.to di Varese"]
[Site "Varese ITA"]
[Date "2012.11.12"]
[Round "6"]
[White "D'Aulisa, Francesco"]
[Black "Brioschi, Camillo"]
[WhiteElo "1760"]
[BlackElo "1795"]
[Result "0-1"]
[PlyCount "62"]
[EventDate "2012.10.08"]

{139MB, Fritz8.ctg} 1. e4 1... e5 2. f4 exf4 3. Nf3 g5 4. Bc4 Bg7 5. d4 d6 6.
c3 Nc6 7. b4 h6 8. Qb3 Qe7 9. Nbd2 Nd8 10. Bb2 Be6 11. O-O-O Bxc4 12. Qxc4 Qd7
13. e5 d5 14. Qd3 Ne7 15. Nb3 b6 16. Kb1 Nf5 17. Bc1 Ne7 18. Kb2 c6 19. Rde1
Ne6 20. h3 a5 21. a3 axb4 22. axb4 O-O 23. h4 g4 24. Ng5 hxg5 25. hxg5 Ng6 26.
Qf5 Nc5 27. e6 Nxe6 28. Qxg4 Rfe8 29. Qh3 Nef8 30. Qf3 Rxe1 31. Rxe1 Re8 0-1

[Event "C.to di Varese"]
[Site "Varese ITA"]
[Date "2012.11.12"]
[Round "6"]
[White "Nai, Giovanni"]
[Black "Bacchini, Stefano"]
[WhiteElo "1852"]
[BlackElo "1958"]
[Result "1-0"]
[PlyCount "65"]
[EventDate "2012.10.08"]

{139MB, Fritz8.ctg} 1. e4 1... b6 2. d4 Bb7 3. Bd3 e6 4. Nf3 Be7 5. c4 Nf6 6.
Nc3 Bb4 7. Qc2 Nc6 8. a3 Be7 9. O-O O-O 10. e5 Nh5 11. Bxh7+ Kh8 12. Be4 g6 13.
Be3 Rb8 14. d5 Na5 15. Ne2 Ba6 16. Bd3 Bc5 17. b4 Bxe3 18. fxe3 Bxc4 19. Bxc4
Nxc4 20. Qxc4 b5 21. Qd4 Ng7 22. Ng3 Kh7 23. Ne4 Nf5 24. Qd3 exd5 25. Nf6+ Kg7
26. e4 dxe4 27. Qxe4 Nd6 28. Qg4 Rh8 29. Rad1 Nf5 30. Rxd7 Qc8 31. Ng5 c5 32.
Rxf5 cxb4 33. Rxf7+ 1-0

[Event "C.to di Varese"]
[Site "Varese ITA"]
[Date "2012.11.12"]
[Round "6"]
[White "Nipote, Mario"]
[Black "Randi, Renzo"]
[WhiteElo "1521"]
[BlackElo "1410"]
[Result "1-0"]
[PlyCount "119"]
[EventDate "2012.10.08"]

{139MB, Fritz8.ctg} 1. d4 1... d5 2. c4 c6 3. Nc3 e6 4. Nf3 Bb4 5. e3 Qa5 6.
Bd2 Nf6 7. a3 Bxc3 8. Bxc3 Qc7 9. Bd3 dxc4 10. Bxc4 Ne4 11. Rc1 Nxc3 12. Rxc3
O-O 13. O-O b5 14. Ba2 Ba6 15. Re1 Nd7 16. Qc2 Bb7 17. Rc1 Nf6 18. Ne5 Nd7 19.
Nxc6 Bxc6 20. Rxc6 Qa5 21. Bb1 g6 22. Qe2 Nb6 23. Bd3 Rac8 24. Rxc8 Nxc8 25.
Bxb5 Nd6 26. Bd3 f5 27. Rc5 Qb6 28. h3 Rc8 29. b4 Qb8 30. f3 Rxc5 31. dxc5 Nc8
32. f4 Ne7 33. Bc4 Kf7 34. Qd3 Qb7 35. Qd4 Qe4 36. Qxe4 fxe4 37. b5 Ke8 38.
Bxe6 Kd8 39. c6 Kc7 40. g4 Kb6 41. a4 Ka5 42. c7 Kxa4 43. c8=Q Nxc8 44. Bxc8
Kxb5 45. f5 gxf5 46. gxf5 Kc6 47. Kf2 a5 48. Kg3 a4 49. Kf4 a3 50. Be6 Kd6 51.
Kxe4 Ke7 52. Kf4 Kf6 53. e4 h5 54. h4 Kg7 55. Kg5 Kf8 56. Kxh5 Kg7 57. Kg5 Kf8
58. Kf6 Ke8 59. Kg7 Ke7 60. Ba2 1-0